000 00482nam a2200181Ia 4500
003 GCL
008 140319s9999 xx 000 0 eng d
040 _aGCL /
_cGCL
082 0 4 _a823
_bH M
100 1 _aHICKMAN, WILLIAM
245 1 0 _aMEHMED THE CONQUEROR AND HIS TIME /
_cHICKMAN, WILLIAM
700 1 _aMANHEM, RALPH
260 _a[S.N] :
_bPRINCETON UNIVERSITY PRESS ،
_c1978
300 _a548 P
650 0 4 _aENGLISH LITERATURE
650 0 4 _aLITERATURE
942 _2ddc
_cBK
999 _c24377
_d24377